000 00338nam a22001457a 4500
003 SGT
020 _a978-81-8296-351-1
082 _a612.015
_bGUP
100 _aGUPTA, DR. S.K.
245 _aMANUAL OF PRACTICAL BIOCHEMISTRY
260 _aDELHI, INDIA
_bABC PUB.
_c2018
300 _a222
650 _aBIOCHEMISTRY
942 _2ddc
_cBK
999 _c32327
_d32327